00365nam a2200097 450000500170000000800410001702200140005824501250007226000530019730000170025020260209120853.0260209b |||||||| |||| 00| 0 eng d a2454-5694 aJournal of kolkata socitey for asian studiesbAn international bilingual journal of social sciencecedited by Ranjan Ray akolkatabKolkata Society for Asian Studiesc2025 aVol.11.NO.02